000
00288 a2200121 4500
020
_a
9788130016900
100
_a
Narendra Kohli
245
_a
Prathyaksham(പ്രത്യക്ഷം)
250
_a
3rd
260
_b
Poorna Publications
_c
2020
440
_a
Mahasamar 7
942
_c
OO
999
_c
116147
_d
116146